000 01617cam a2200373 a 4500
999 _c21717
_d21717
001 17331795
003 BDDh-ASL
005 20231015030031.0
008 120605s1959 ii ab b 001 0 eng
010 _a 2012335375
020 _a9780198069713 (set)
020 _a0198069715 (set)
025 _aI-E-2012-335375; 61-31
037 _bLibrary of Congress -- New Delhi Overseas Office
040 _aDLC
_cDLC
_dDLC
_dBDDh-ASL
042 _alcode
_apcc
043 _aa-ii---
050 0 0 _aDS485.U64
_bF72 2011
082 _a954.25
_bFRE
245 0 0 _aFreedom struggle in Uttar Pradesh, Volume -4:
_bEastern and Adjoining Districts 1857-59 /
_cedited by S.A.A. Rizvi and M.L. Bhargava.
260 _aNew Delhi :
_aUttar Pradesh:
_bOxford University Press in arrangement with Indian Council of Historical Research,
_bPublication Bureau, Information Department, Uttar Pradesh,
_c1959.
300 _av-3, 958 p. :
_bill., maps (folded) ;
_c24 cm.
500 _a"First published 1957 by Publications Bureau, Information Department, Uttar Pradesh"--T.p. verso.
504 _aIncludes bibliographical references (v. 2, p. 83-664) and indexes.
651 0 _aUttar Pradesh (India)
_xHistory
_y19th century.
651 0 _aIndia
_xHistory
_ySepoy Rebellion, 1857-1858.
651 0 _aUttar Pradesh (India)
_xHistory
_xAutonomy and independence movements.
700 1 _aRizvi, Saiyid Athar Abbas,
_d1921-
700 1 _aBhargava, Moti Lal.
710 2 _aIndian Council of Historical Research.
906 _a7
_bcbc
_corigode
_d3
_encip
_f20
_gy-gencatlg
942 _2ddc
_cBK